[Event "Mittelfranken-chTB2a 1516"]
[Site "Mittelfranken"]
[Date "2016.02.14"]
[Round "6.6"]
[White "Kriener, Peter Georg"]
[Black "Rank, Klaus"]
[Result "1-0"]
[WhiteElo "1683"]
[BlackElo "1647"]
[PlyCount "119"]
[EventDate "2015.10.18"]
[EventType "team-tourn"]
[EventRounds "9"]
[EventCountry "GER"]
[SourceTitle "EXT 2020"]
[Source "ChessBase"]
[SourceDate "2019.10.17"]
[SourceVersion "1"]
[SourceVersionDate "2019.10.17"]
[SourceQuality "1"]
[WhiteTeam "Rothenburg II"]
[BlackTeam "Bechhofen II"]
[WhiteTeamCountry "GER"]
[BlackTeamCountry "GER"]

1. d4 Nf6 2. Nf3 e6 3. Bg5 h6 4. Bh4 c5 5. e3 cxd4 6. exd4 d6 7. Bd3 Be7 8. 0-0 Nc6 9. a3 Rf8 10. c3 Bd7 11. Nbd2 Qc7 12. h3 d5 13. Bg3 Bd6 14. Bxd6 Qxd6 15. Re1 0-0-0 16. Ne5 Kb8 17. Ndf3 Be8 18. b4 Nd7 19. Nxc6+ Qxc6 20. Qb3 Rc8 21. Rac1 Nb6 22. b5 Qc7 23. Qb4 Bd7 24. a4 Nc4 25. Ne5 Nxe5 26. Rxe5 Rfe8 27. c4 dxc4 28. Rxc4 Qd8 29. Qd6+ Ka8 30. Rec5 Rxc5 31. Rxc5 Qe7 32. Qc7 Qd8 33. Qg3 g6 34. Rc7 e5 35. Rc4 Qb8 36. dxe5 Qxe5 37. Qf3 Qe1+ 38. Kh2 Qe5+ 39. g3 f5 40. Bf1 Rc8 41. Qb3 Be6 42. Rxc8+ Bxc8 43. Qb4 Qf6 44. Bg2 g5 45. a5 f4 46. Qe4 fxg3+ 47. fxg3 Qf7 48. Qd4 h5 49. Qh8 Kb8 50. Qe5+ Qc7 51. Qxg5 Qxa5 52. Qe5+ Ka8 53. Qxh5 Qd8 54. Qd5 Qe8 55. h4 Qe7 56. h5 Qc7 57. h6 Qh7 58. Qg5 Qf7 59. g4 Qe6 60. Kh3 1-0

[Event "Mittelfranken-chTB2a 1516"]
[Site "Mittelfranken"]
[Date "2016.01.24"]
[Round "5.6"]
[White "Rank, Klaus"]
[Black "Sacharenko, Andrej"]
[Result "1-0"]
[WhiteElo "1647"]
[BlackElo "1660"]
[PlyCount "87"]
[EventDate "2015.10.18"]
[EventType "team-tourn"]
[EventRounds "9"]
[EventCountry "GER"]
[SourceTitle "EXT 2020"]
[Source "ChessBase"]
[SourceDate "2019.10.17"]
[SourceVersion "1"]
[SourceVersionDate "2019.10.17"]
[SourceQuality "1"]
[WhiteTeam "Bechhofen II"]
[BlackTeam "Herzogenaurach III"]
[WhiteTeamCountry "GER"]
[BlackTeamCountry "GER"]

1. e4 e5 2. Nf3 d6 3. d4 exd4 4. Nxd4 Nf6 5. Nc3 Be6 6. Nxe6 fxe6 7. Bc4 e5 8. Bg5 Be7 9. Bxf6 Bxf6 10. Qd5 Rf8 11. Qxb7 Nd7 12. Nd5 Rb8 13. Nxc7+ Ke7 14. Qxa7 Qc8 15. Nd5+ Ke8 16. Qc7 Bd8 17. Qxc8 Rxc8 18. Ne3 Bb6 19. Bd3 g6 20. 0-0 Nc5 21. Nc4 Bc7 22. b3 Nxd3 23. cxd3 Ke7 24. Ne3 Bb8 25. Rfc1 Ba7 26. a4 Bc5 27. b4 Bd4 28. Rab1 Kd7 29. Rc4 Ra8 30. a5 Rfb8 31. Rbc1 Rb7 32. Nd5 Raa7 33. Kf1 h6 34. f3 g5 35. Rc6 Rb5 36. Rc7+ Rxc7 37. Rxc7+ Kd8 38. Ke2 Rxd5 39. Rb7 Rxa5 40. bxa5 Kc8 41. a6 Bc5 42. Kd2 Bg1 43. h3 h5 44. Kc3 1-0

[Event "Mittelfranken-chTB2a 1516"]
[Site "Mittelfranken"]
[Date "2015.11.22"]
[Round "3.6"]
[White "Wedel, Patrick"]
[Black "Rank, Klaus"]
[Result "1/2-1/2"]
[WhiteElo "1710"]
[BlackElo "1647"]
[PlyCount "54"]
[EventDate "2015.10.18"]
[EventType "team-tourn"]
[EventRounds "9"]
[EventCountry "GER"]
[SourceTitle "EXT 2020"]
[Source "ChessBase"]
[SourceDate "2019.10.17"]
[SourceVersion "1"]
[SourceVersionDate "2019.10.17"]
[SourceQuality "1"]
[WhiteTeam "Zirndorf II"]
[BlackTeam "Bechhofen II"]
[WhiteTeamCountry "GER"]
[BlackTeamCountry "GER"]

1. e4 e5 2. Nf3 Nf6 3. Nc3 Nc6 4. b3 Bc5 5. Bc4 0-0 6. 0-0 d6 7. h3 Be6 8. Qe2 Nd4 9. Nxd4 Bxd4 10. Bb2 a6 11. a4 c6 12. Bxe6 fxe6 13. Nd1 Bxb2 14. Nxb2 Nd7 15. Rad1 Qf6 16. Nc4 d5 17. Na5 Rab8 18. b4 Nb6 19. b5 axb5 20. axb5 c5 21. c3 Qf7 22. d4 exd4 23. cxd4 c4 24. e5 Qd7 25. Rb1 Ra8 26. Qd2 Qe7 27. Ra1 Ra7 1/2-1/2

[Event "Mittelfranken-chTB2a 1415"]
[Site "Mittelfranken"]
[Date "2014.11.16"]
[Round "3.7"]
[White "Rank, Klaus"]
[Black "Gottlieb, Michael"]
[Result "1/2-1/2"]
[WhiteElo "1647"]
[BlackElo "1671"]
[PlyCount "29"]
[EventDate "2014.09.28"]
[EventType "team-tourn"]
[EventRounds "9"]
[EventCountry "GER"]
[SourceTitle "EXT 2020"]
[Source "ChessBase"]
[SourceDate "2019.10.17"]
[SourceVersion "1"]
[SourceVersionDate "2019.10.17"]
[SourceQuality "1"]
[WhiteTeam "Bechhofen II"]
[BlackTeam "Postbauer Heng II"]
[WhiteTeamCountry "GER"]
[BlackTeamCountry "GER"]

1. e4 e5 2. Nf3 Nc6 3. d4 exd4 4. Nxd4 Qh4 5. Nc3 Bb4 6. Qd3 Ne5 7. Qe3 Nf6 8. Bd3 0-0 9. Nf5 Qg4 10. Bd2 Re8 11. f3 Qg6 12. 0-0-0 d5 13. Ng3 c5 14. exd5 Nxd3+ 15. Qxd3 1/2-1/2

[Event "Mittelfranken-chTB2a 1213"]
[Site "Germany"]
[Date "2012.10.21"]
[Round "2.7"]
[White "Rank, Klaus"]
[Black "Boellmann, Dierk"]
[Result "1/2-1/2"]
[WhiteElo "1637"]
[BlackElo "1566"]
[PlyCount "105"]
[EventDate "2012.10.07"]
[EventType "team-tourn"]
[EventRounds "9"]
[EventCountry "GER"]
[SourceTitle "EXT 2019"]
[Source "ChessBase"]
[SourceDate "2018.10.10"]
[SourceVersion "1"]
[SourceVersionDate "2018.10.10"]
[SourceQuality "1"]
[WhiteTeam "Bechhofen II"]
[BlackTeam "Bad Windsheim"]
[WhiteTeamCountry "GER"]
[BlackTeamCountry "GER"]

1. e4 c6 2. d4 d5 3. Nc3 dxe4 4. Nxe4 Bf5 5. Ng3 Bg6 6. h4 h6 7. h5 Bh7 8. Nf3 Nd7 9. Bd3 Bxd3 10. Qxd3 Qc7 11. Bd2 Ngf6 12. c4 e6 13. Ne4 Nxe4 14. Qxe4 Nf6 15. Qe2 Be7 16. 0-0-0 Nd7 17. Kb1 0-0-0 18. Ne5 Nxe5 19. dxe5 Rd7 20. Bc3 Rhd8 21. Rxd7 Rxd7 22. Rd1 Qd8 23. Rxd7 Qxd7 24. Kc2 Kd8 25. Qe3 b6 26. f4 b5 27. cxb5 cxb5 28. Qd4 Qxd4 29. Bxd4 a6 30. g4 Kd7 31. Kd3 Bh4 32. Ke4 f6 33. Bc5 fxe5 34. fxe5 Ke8 35. Kd3 Bd8 36. Kd4 Kf7 37. Bd6 Bb6+ 38. Bc5 Bd8 39. Ba7 Be7 40. Bc5 Bd8 41. Ba7 Be7 42. a3 Bh4 43. Bb8 Bf2+ 44. Kc3 g6 45. Kb4 Bb6 46. Bd6 gxh5 47. gxh5 Ke8 48. b3 Kd7 49. Kc3 Kc6 50. Kd3 Bd8 51. Ke4 Bg5 52. Bf8 Bc1 53. Bd6 1/2-1/2

[Event "Mittelfranken-chTB2a 1112"]
[Site "Germany"]
[Date "2012.03.11"]
[Round "8.8"]
[White "Schimmer, Alexander"]
[Black "Rank, Klaus"]
[Result "1/2-1/2"]
[WhiteElo "1521"]
[BlackElo "1637"]
[PlyCount "30"]
[EventDate "2011.09.25"]
[EventType "team-tourn"]
[EventRounds "9"]
[EventCountry "GER"]
[SourceTitle "EXT 2018"]
[Source "ChessBase"]
[SourceDate "2017.10.13"]
[SourceVersion "1"]
[SourceVersionDate "2017.10.13"]
[SourceQuality "1"]
[WhiteTeam "Grossenseebach"]
[BlackTeam "Bechhofen II"]
[WhiteTeamCountry "GER"]
[BlackTeamCountry "GER"]

1. e4 e5 2. Nf3 Nf6 3. Nc3 Nc6 4. Bc4 Bc5 5. d3 h6 6. a3 d6 7. h3 a6 8. b4 Ba7 9. Bb2 Qe7 10. 0-0 Nd4 11. Nxd4 Bxd4 12. Nd5 Nxd5 13. Bxd4 Nf4 14. Be3 Bd7 15. Bxf4 exf4 1/2-1/2

[Event "Mittelfranken-chTB2b 0809"]
[Site "Mittelfranken"]
[Date "2008.12.07"]
[Round "3.4"]
[White "Rank, Klaus"]
[Black "Baumann, Mathias"]
[Result "1/2-1/2"]
[WhiteElo "1691"]
[BlackElo "1848"]
[PlyCount "108"]
[EventDate "2008.10.12"]
[EventType "team"]
[EventRounds "9"]
[EventCountry "GER"]
[SourceTitle "EXT 2011"]
[Source "ChessBase"]
[SourceDate "2010.11.26"]
[SourceVersion "1"]
[SourceVersionDate "2010.11.26"]
[SourceQuality "1"]
[WhiteTeam "Bechhofen II"]
[BlackTeam "Nuernberg Zabo"]
[WhiteTeamCountry "GER"]
[BlackTeamCountry "GER"]

1. e4 d5 2. exd5 Qxd5 3. Nc3 Qd8 4. d4 Nf6 5. Nf3 c6 6. Be2 Bg4 7. h3 Bxf3 8. Bxf3 e6 9. 0-0 Be7 10. Bf4 0-0 11. Ne2 Nbd7 12. c4 Nb6 13. Qc2 Qd7 14. Rad1 Rac8 15. b3 Bd8 16. Rfe1 Bc7 17. Bg5 Bd8 18. Ng3 h6 19. Be3 Re8 20. Qc1 Kh7 21. Ne4 Qe7 22. Nc5 Rb8 23. Be2 Nbd7 24. Bd3+ Kg8 25. Ne4 Nxe4 26. Bxe4 Nf6 27. Bf3 Nh7 28. Bf4 Bc7 29. Bxc7 Qxc7 30. Qe3 Nf6 31. Rd2 a6 32. Red1 Rbd8 33. g3 Rd7 34. Qc3 Red8 35. Rd3 Qd6 36. Qe1 Qa3 37. Qe2 Qd6 38. Kg2 Kf8 39. h4 Kg8 40. a4 Qb4 41. Qc2 Qb6 42. Qc3 a5 43. Kf1 Kf8 44. Ke2 Re7 45. Kf1 Red7 46. Ke2 Qc7 47. Kf1 Ne8 48. Qd2 Nf6 49. Qc3 Ke7 50. Qe1 Kf8 51. Qc3 Qb6 52. Ke1 Re7 53. Kf1 Red7 54. Ke1 Re7 1/2-1/2

[Event "Mittelfranken-chT 0405"]
[Site "Germany"]
[Date "2005.04.17"]
[Round "9.5"]
[White "Rank, Klaus"]
[Black "Frank, Werner1111"]
[Result "0-1"]
[WhiteElo "1682"]
[BlackElo "1892"]
[PlyCount "66"]
[EventDate "2004.10.17"]
[EventType "team"]
[EventRounds "9"]
[EventCountry "GER"]
[SourceTitle "EXT 2007"]
[Source "ChessBase"]
[SourceDate "2006.11.23"]
[SourceVersion "1"]
[SourceVersionDate "2006.11.23"]
[SourceQuality "1"]

1. e4 e5 2. Nf3 d6 3. d4 f5 4. Nc3 fxe4 5. Nxe4 d5 6. Ng3 e4 7. Bg5 Be7 8. Bxe7 Qxe7 9. Nd2 Nf6 10. c4 e3 11. fxe3 Ng4 12. e4 dxe4 13. Ngxe4 0-0 14. Be2 Ne3 15. Qb3 Nxg2+ 16. Kd1 Nf4 17. Bd3 Nxd3 18. Qxd3 Bf5 19. Kc2 Nc6 20. a3 Rad8 21. d5 Ne5 22. Qe2 c6 23. Rad1 cxd5 24. cxd5 Rxd5 25. Rde1 Rc8+ 26. Kb1 Nd3 27. Ref1 Qe5 28. Nf3 Qxe4 29. Qxe4 Bxe4 30. Rhg1 Ne5+ 31. Ka2 Nxf3 32. Rg4 Nxh2 33. Rxe4 Nxf1 0-1

[Event "Mittelfranken-chT 0405"]
[Site "Germany"]
[Date "2004.12.19"]
[Round "4.6"]
[White "Kelm, Klaus"]
[Black "Rank, Klaus"]
[Result "1/2-1/2"]
[WhiteElo "1861"]
[BlackElo "1682"]
[PlyCount "84"]
[EventDate "2004.10.17"]
[EventType "team"]
[EventRounds "9"]
[EventCountry "GER"]
[SourceTitle "EXT 2007"]
[Source "ChessBase"]
[SourceDate "2006.11.23"]
[SourceVersion "1"]
[SourceVersionDate "2006.11.23"]
[SourceQuality "1"]

1. c4 c5 2. Nc3 Nc6 3. g3 g6 4. Bg2 Bg7 5. d3 d6 6. Bd2 Bd7 7. Nf3 Nf6 8. 0-0 0-0 9. a3 Rb8 10. Rb1 Ng4 11. h3 Nf6 12. Kh2 Ne8 13. b4 f5 14. Ne1 b6 15. b5 Ne5 16. f4 Nf7 17. a4 Bc8 18. Nf3 Nf6 19. e4 fxe4 20. dxe4 e5 21. fxe5 dxe5 22. Qe2 Qe7 23. Rbe1 Bb7 24. Bg5 Nxg5 25. Nxg5 h6 26. Nf3 Rfd8 27. Nd5 Bxd5 28. exd5 Nd7 29. Nh4 Nf8 30. Be4 Rd6 31. Rf2 Qg5 32. Ref1 Rf6 33. Qd3 Rxf2+ 34. Rxf2 Kh7 35. d6 Rd8 36. Rf7 h5 37. d7 Kh6 38. Qd6 Kh7 39. Nf3 Qc1 40. h4 Qb2+ 41. Kh3 Qe2 42. Qf6 Qf1+ 1/2-1/2